Casper (Registo nº 4614)

Detalhes MARC
000 -Etiqueta do registo
Cabeçalho 00443nam0a2200181 4500
005 - Identificador da versão
Campo de controlo 20240905122436.0
021 ## - Número do Depósito Legal
Código do país PT
Número 90703/95
100 ## - Dados gerais de processamento
Dados gerais de processamento 20170316d1995 a y0pory5003 ba
101 0# - Língua de publicação
Língua do texto, banda sonora, etc. Português
Língua do documento no original Inglês
102 ## - Pais de publicação ou produção
País de publicação Portugal
200 1# - Titulo e menção de responsabilidade
Título próprio Casper
Informação de outro título a história do filme
215 ## - Descrição física 
Indicação específica da natureza do documento e extensão da espécie [24] p.
Outras indicações físicas il. color
606 ## - Nome comum usado como assunto
Número de registo de entrada de autoridade 0001524
Palavra de ordem Literatura americana
Subdivisão de assunto Conto
Código do sistema CA
675 ## - Classificação Decimal Universal (CDU)
Notação 821.111(73)-34
Edição 3ª ed.
Língua da edição por
942 ## - Elementos de entrada adicionados (Koha)
Tipo de item no Koha Livro
966 ## - Identificação da Biblioteca
Sigla EBVEN
Exemplares
Situação do levantamento Origin of item (home branch) (coded) Biblioteca de empréstimo Código de barras Cota Data de devolução Circulation type (not for loan) Tipo de documento Nota do exemplar Damaged status
  Biblioteca Escolar das Vendas Biblioteca Escolar das Vendas BEV1790 8EST CAS     Livro Sem mensagem